000 00742nam a22002057a 4500
003 UA-OsUOA
001 38365
007 ta
008 20071201b un ||||| |||| 00| 0 ukr d
090 _a050
_bЛ67
942 _cMG
040 _aUA-OsUOA
_bukr
_cUA-OsUOA
_dUA-OsUOA
245 _aЛікарський вісник. журнал Українського Лікарського Товариства Північної Америки
955 _a4
041 _aukr
080 _a050
310 _a№ 3(46). - Vol. ХІV. - 1967
650 7 _a050 Серійні публікації. Періодика галузі, Організація та інші типи поєднання (співробітництва)
_2UDC
999 _c436881
_d436881